| 000 | 00856cam5a220022900 4500 | ||
|---|---|---|---|
| 001 | qce00056290 | ||
| 005 | 20190823110614.0 | ||
| 008 | 771011s1932 enkb f000 0 eng | ||
| 010 | _a 33002157 | ||
| 035 | _a(Sirsi) r44760 | ||
| 035 | _a(QCAT)lss01743935 | ||
| 035 | _a(UPRA)qce00056290 | ||
| 040 | _dUPRA | ||
| 100 | 1 |
_cSir, d8.1..28.5 _6A2322.1 |
|
| 245 | 1 | 0 |
_aNorth Charterland concession inquiry : _bReport to the governor of Northern Rhodesia by the commissioner / _cMr. Justice Maugham ; july, 1932... |
| 260 |
_aLondon : _bH.M.S.O., _c1932. |
||
| 490 | 0 |
_a[Great Britain. Colonial office] Colonial, no. 73 _6S1565.1 |
|
| 500 | _aIncludes also Documents and correspondence in chronological order concerning the North Charterland concession. | ||
| 500 | _aPhotocopy. | ||
| 949 |
_a(O2) 1932/3 _wlcc _mMAIN _tBOOK _lON-SHELF |
||
| 004 | 44760 | ||
| 999 |
_c151376 _d151376 |
||